000 02053cam a2200469 i 4500
001 xx004748457
003 NUKAT
005 20260410062659.0
008 191118s2019 pl a b |010 0 pol c
020 _a9788380987098
_q(oprawa miękka)
035 _a(OCoLC)1129953499
035 _a(NUKAT)xx004748457
040 _aKR PAU/MU
_bpol
_erda
_cKR PAU/MUs
_dOLSZT 008/bak
045 2 _bd1939
_bd1945
046 _k2019
110 2 _aInstytut Pamięci Narodowej - Komisja Ścigania Zbrodni przeciwko Narodowi Polskiemu.
_eAutor
_eWydawca
_911792
245 1 0 _aKatalog wydawnictw IPN dotyczących II wojny światowej /
_cInstytut Pamięci Narodowej - Komisja Ścigania Zbrodni przeciwko Narodowi Polskiemu.
246 3 0 _aKatalog wydawnictw Instytutu Pamięci Narodowej dotyczących drugiej wojny światowej
260 _aWarszawa :
_bInstytut Pamięci Narodowej - Komisja Ścigania Zbrodni przeciwko Narodowi Polskiemu,
_c2019.
300 _a167, [1] strona :
_bilustracje kolorowe ;
_c21 x 21 cm.
336 _aTekst
_btxt
_2rdacontent
337 _aBez urządzenia pośredniczącego
_bn
_2rdamedia
338 _aWolumin
_bnc
_2rdacarrier
380 _aKsiążki
380 _aPublikacje informacyjne
388 1 _a2001-
500 _aU góry okładki: 80 rocznica.
530 _aDostępne również w formie elektronicznej.
610 2 7 _aInstytut Pamięci Narodowej - Komisja Ścigania Zbrodni przeciwko Narodowi Polskiemu.
_vbibliografia
_vkatalogi.
_2kaba
_911792
610 2 7 _aInstytut Pamięci Narodowej
_2DBN
_939618
648 7 _a1901-2000
_2DBN
_934996
648 7 _a1939-1945
_2DBN
_936042
650 7 _aII wojna światowa (1939-1945)
_2DBN
_935099
651 7 _aPolska
_2DBN
_935076
655 7 _aKatalog wydawniczy
_2DBN
_939617
658 _aHistoria
856 4 1 _uhttps://ipn.gov.pl/pl/publikacje/katalog-publikacji/80037,Katalog-wydawnictw-IPN-dotyczacych-II-wojny-swiatowej.html
920 _a978-83-8098-709-8 (oprawa miękka)
942 _2ddc
_cBK_NM
999 _c27468
_d27468